[Event "Nakhchivan Open 2015"]
[Site "Nakhchivan AZE"]
[Date "2015.05.02"]
[Round "1.4"]
[White "Rzayev, Bahruz"]
[Black "Onischuk, Vladimir"]
[Result "0-1"]
[WhiteElo "2400"]
[BlackElo "2629"]
[PlyCount "84"]
[EventDate "2015.05.02"]
[SourceDate "2015.02.07"]

1. e4 d6 2. d4 g6 3. Bd3 Bg7 4. c3 e5 5. Ne2 Ne7 6. O-O O-O 7. f4 exd4 8. Nxd4
c5 9. Nf3 d5 10. Be3 dxe4 11. Bxe4 Qc7 12. Ne5 Nd7 13. Nxd7 Bxd7 14. Qf3 Rad8
15. Nd2 b6 16. Rfd1 Ba4 17. b3 Bb5 18. a4 Ba6 19. f5 Nxf5 20. Bxf5 gxf5 21. Nc4
Rxd1+ 22. Rxd1 Rd8 23. Rd5 Qe7 24. Bd2 h6 25. Qxf5 Bb7 26. Rxd8+ Qxd8 27. h3
Bc8 28. Qh5 Qf6 29. Qd5 Be6 30. Qa8+ Kh7 31. Qxa7 Qg6 32. Bf4 Qe4 33. Qc7 Bxc3
34. Kh2 Bd5 35. Ne3 Bxb3 36. Qd6 Be6 37. Ng4 h5 38. Be5 Bxe5+ 39. Nxe5 Qf4+ 40.
Kh1 c4 41. Nxf7 Qxd6 42. Nxd6 c3 0-1

[Event "Nakhchivan Open 2015"]
[Site "Nakhchivan AZE"]
[Date "2015.05.02"]
[Round "1.5"]
[White "Mamedov, Rauf"]
[Black "Koksal, Ege"]
[Result "1-0"]
[WhiteElo "2658"]
[BlackElo "2339"]
[PlyCount "85"]
[EventDate "2015.05.02"]
[SourceDate "2015.02.07"]

1. e4 e5 2. Bc4 Bc5 3. Nf3 Nc6 4. c3 Nf6 5. d3 d6 6. Bb3 O-O 7. O-O a6 8. h3
Ba7 9. Re1 Re8 10. Nbd2 Be6 11. Nf1 h6 12. N3h2 d5 13. Qf3 Na5 14. Bc2 dxe4 15.
dxe4 Kh7 16. g4 Ng8 17. Ng3 Nc6 18. Nf5 Bc5 19. g5 g6 20. Rd1 Qc8 21. gxh6 Bf8
22. Ng4 Nce7 23. Nfe3 Bxh6 24. Nxe5 Kg7 25. N5g4 Bg5 26. b3 Nh6 27. Bb2 Nxg4
28. Nxg4 Bxg4 29. Qxg4 Qxg4+ 30. hxg4 Bf4 31. c4+ f6 32. Rd7 Rac8 33. Rad1 Kf7
34. c5 Be5 35. Ba3 g5 36. Bd3 Kg6 37. Bc4 Bf4 38. c6 Nxc6 39. Bf7+ Kh6 40. Kg2
Red8 41. Bf8+ Rxf8 42. Rh1+ Kg7 43. Be6+ 1-0

[Event "Nakhchivan Open 2015"]
[Site "Nakhchivan AZE"]
[Date "2015.05.02"]
[Round "1.6"]
[White "Iskandarov, Misratdin"]
[Black "Tiviakov, Sergei"]
[Result "1/2-1/2"]
[WhiteElo "2379"]
[BlackElo "2662"]
[PlyCount "92"]
[EventDate "2015.05.02"]
[SourceDate "2015.02.07"]

1. c4 e5 2. Nc3 Nf6 3. g3 d5 4. cxd5 Nxd5 5. Bg2 Ne7 6. Nf3 Nbc6 7. d3 Nf5 8.
O-O Be7 9. e3 O-O 10. Qe2 Re8 11. Rd1 Bf8 12. b3 Rb8 13. Bb2 b6 14. Rac1 Bb7
15. a3 a6 16. b4 f6 17. Qc2 Nd6 18. Nd2 Ne7 19. Bxb7 Rxb7 20. Nde4 Nxe4 21.
Nxe4 Qd5 22. d4 exd4 23. Rxd4 Qe6 24. Nd2 Rc8 25. Re4 Qd5 26. Rd1 Qf7 27. Nc4
Rbb8 28. Rh4 Qg6 29. Qb3 Kh8 30. Rhd4 Nf5 31. Rd5 Nd6 32. h4 Qf7 33. Nxd6 Bxd6
34. Qd3 Ra8 35. h5 h6 36. Qf5 Re8 37. Bd4 Rab8 38. Kg2 Re6 39. Bc3 Rbe8 40. Qd3
b5 41. Qf5 Kg8 42. Qf3 Re4 43. R1d4 R4e5 44. Rd3 Re4 45. R3d4 R4e5 46. Rd3 Re4
1/2-1/2

[Event "Nakhchivan Open 2015"]
[Site "Nakhchivan AZE"]
[Date "2015.05.02"]
[Round "1.7"]
[White "Safarli, Eltaj"]
[Black "Abdulov, Orkhan"]
[Result "1-0"]
[WhiteElo "2641"]
[BlackElo "2337"]
[PlyCount "77"]
[EventDate "2015.05.02"]
[SourceDate "2015.02.07"]

1. e4 c5 2. Nf3 e6 3. Nc3 a6 4. d4 cxd4 5. Nxd4 b5 6. Bd3 Bb7 7. O-O d6 8. Re1
Nd7 9. a4 b4 10. Na2 a5 11. c3 bxc3 12. Nxc3 Be7 13. Bc4 Qc8 14. b3 Ngf6 15.
Ba3 Nc5 16. Bb5+ Kf8 17. Rc1 Qc7 18. f4 Rd8 19. e5 dxe5 20. fxe5 Nd5 21. Ne4
Nb4 22. Nxc5 Bxc5 23. Kh1 Kg8 24. Qg4 Qb6 25. Nf3 Be3 26. Rcd1 Nc2 27. Be7 Rd5
28. Rxd5 Bxd5 29. Bf6 Bh6 30. Rc1 Qc5 31. Bg5 Kf8 32. Bd3 Bxb3 33. Bxc2 Bxc2
34. Qf4 Qf2 35. Bxh6 gxh6 36. Qxh6+ Kg8 37. h3 Qe2 38. Nd4 Qxe5 39. Rxc2 1-0

[Event "Nakhchivan Open 2015"]
[Site "Nakhchivan AZE"]
[Date "2015.05.02"]
[Round "1.9"]
[White "Baklan, Vladimir"]
[Black "Gholami, Aryan"]
[Result "1-0"]
[WhiteElo "2645"]
[BlackElo "2319"]
[PlyCount "105"]
[EventDate "2015.05.02"]
[SourceDate "2015.02.07"]

1. e4 c5 2. Nf3 e6 3. Nc3 a6 4. d4 cxd4 5. Nxd4 Qc7 6. Bd3 Nf6 7. f4 d5 8. e5
Nfd7 9. O-O Nc6 10. Nce2 Nc5 11. Kh1 Be7 12. Be3 O-O 13. Rc1 Bd7 14. Nxc6 bxc6
15. c4 Nxd3 16. Qxd3 Qb7 17. b3 c5 18. cxd5 Bb5 19. Qd1 Qxd5 20. Nc3 Qb7 21.
Nxb5 axb5 22. Rf2 Rfd8 23. Qf1 Rd5 24. Rfc2 g6 25. h3 Rc8 26. Kh2 Qd7 27. Qf2
Qc6 28. Qe2 Qd7 29. Qf3 Rc6 30. Qe4 Ra6 31. Qf3 Qa7 32. b4 Rxa2 33. Rxa2 Qxa2
34. bxc5 Bd8 35. c6 Bc7 36. Bc5 Qa6 37. Bd6 Bxd6 38. exd6 Rxd6 39. c7 Qc8 40.
Qa3 Rd7 41. Qa7 Re7 42. Qb8 Re8 43. Qxb5 Re7 44. Qc5 Rd7 45. Qb6 Re7 46. Qd6
Kf8 47. h4 h5 48. Rc3 Ke8 49. Qe5 f6 50. Qxf6 Rxc7 51. Qxg6+ Kd7 52. Qg7+ Kd6
53. Qxc7+ 1-0

[Event "Nakhchivan Open 2015"]
[Site "Nakhchivan AZE"]
[Date "2015.05.02"]
[Round "1.11"]
[White "Guseinov, Gadir"]
[Black "Noroozi, Omid"]
[Result "0-1"]
[WhiteElo "2614"]
[BlackElo "2351"]
[PlyCount "88"]
[EventDate "2015.05.02"]
[SourceDate "2015.02.07"]

1. e4 c5 2. Nc3 d6 3. Nf3 Nf6 4. d4 cxd4 5. Nxd4 a6 6. Be3 e5 7. Nf3 Be7 8. Bc4
O-O 9. O-O Qc7 10. Bb3 Be6 11. Nh4 g6 12. Bh6 Re8 13. Qd2 Ng4 14. Nf3 Nxh6 15.
Qxh6 Qd8 16. Nd5 Bf8 17. Qe3 Nd7 18. Rad1 h6 19. h3 Kh8 20. c3 b5 21. Rfe1 a5
22. Nh2 a4 23. Bc2 Nf6 24. Nxf6 Qxf6 25. a3 Rad8 26. Bd3 Rb8 27. Qe2 Bd7 28.
Ng4 Qg5 29. Ne3 Bxh3 30. Bxb5 Red8 31. Bxa4 d5 32. Qf3 d4 33. cxd4 exd4 34. Nd5
Bg4 35. Qxf7 Bxd1 36. Rxd1 Bg7 37. b4 Rf8 38. Qe6 Ra8 39. Bc2 Be5 40. Qh3 Rac8
41. Qd3 Qh5 42. f4 Rxf4 43. Nxf4 Bxf4 44. Re1 Bh2+ 0-1

[Event "Nakhchivan Open 2015"]
[Site "Nakhchivan AZE"]
[Date "2015.05.02"]
[Round "1.12"]
[White "Asadli, Vugar"]
[Black "Gupta, Abhijeet"]
[Result "1/2-1/2"]
[WhiteElo "2287"]
[BlackElo "2625"]
[PlyCount "95"]
[EventDate "2015.05.02"]
[SourceDate "2015.02.07"]

1. e4 c5 2. Nc3 d6 3. d4 cxd4 4. Qxd4 a6 5. Be3 Nf6 6. O-O-O Nc6 7. Qb6 Qxb6 8.
Bxb6 g6 9. Nd5 Nxd5 10. exd5 Ne5 11. Ne2 Bh6+ 12. Kb1 Bf5 13. Ng3 Bd7 14. Be2
Bb5 15. Rhe1 Kd7 16. Bd4 f6 17. Bxe5 Bxe2 18. Bxf6 exf6 19. Nxe2 Rac8 20. Nd4
f5 21. Ne6 Rhe8 22. Rd3 Bg5 23. Rb3 Rb8 24. a4 Re7 25. Rd1 Bf6 26. Rdd3 b6 27.
Rb4 Ke8 28. Rdb3 Reb7 29. Rc4 Kf7 30. Rc6 Be7 31. f4 h6 32. Rbc3 g5 33. Nd4 Kg6
34. Re3 Rf8 35. Re6+ Rf6 36. g3 Rxe6 37. Nxe6 Kh5 38. h3 g4 39. h4 Bxh4 40.
gxh4 g3 41. Rc8 Kxh4 42. Rg8 Kh3 43. Kc1 Kg2 44. Nd4 Kf2 45. Nxf5 g2 46. Nxd6
Rb8 47. Ne4+ Kf1 48. Nd2+ 1/2-1/2

[Event "Nakhchivan Open 2015"]
[Site "Nakhchivan AZE"]
[Date "2015.05.03"]
[Round "2.2"]
[White "Onischuk, Vladimir"]
[Black "Darini, Pouria"]
[Result "1/2-1/2"]
[WhiteElo "2629"]
[BlackElo "2479"]
[PlyCount "92"]
[EventDate "2015.05.02"]
[SourceDate "2015.02.07"]

1. d4 Nf6 2. c4 g6 3. f3 d5 4. cxd5 Nxd5 5. e4 Nb6 6. Nc3 Bg7 7. Be3 O-O 8. Qd2
Nc6 9. O-O-O f5 10. e5 Nb4 11. Nh3 Be6 12. Kb1 Qd7 13. Nf4 Bf7 14. h4 Rfd8 15.
Qe1 N4d5 16. Nfxd5 Nxd5 17. Bc4 h6 18. Bxd5 Bxd5 19. Qd2 h5 20. Bh6 Qe6 21.
Bxg7 Kxg7 22. Qg5 Rd7 23. a3 Bc4 24. d5 Qxe5 25. Rhe1 Qf6 26. Qf4 b5 27. Re6
Qf7 28. Kc2 Rxd5 29. Nxd5 Qxe6 30. Qd4+ Kf7 31. Nxc7 Qc6 32. Nxa8 Be2+ 33. Qc3
Bxd1+ 34. Kxd1 Qxa8 35. Qb3+ e6 36. Qxb5 Qd8+ 37. Ke2 Qxh4 38. Qd7+ Qe7 39. Qd4
e5 40. Qd5+ Qe6 41. Qb7+ Qe7 42. Qd5+ Qe6 43. Qb7+ Qe7 44. Qd5+ Kf6 45. b4 g5
46. Qc6+ Kg7 1/2-1/2

[Event "Nakhchivan Open 2015"]
[Site "Nakhchivan AZE"]
[Date "2015.05.03"]
[Round "2.3"]
[White "Mammadov, Zaur"]
[Black "Mamedov, Rauf"]
[Result "1/2-1/2"]
[WhiteElo "2470"]
[BlackElo "2658"]
[PlyCount "87"]
[EventDate "2015.05.02"]
[SourceDate "2015.02.07"]

1. e4 g6 2. d4 Bg7 3. Nf3 d6 4. Bc4 Nf6 5. Qe2 c6 6. e5 Nd5 7. O-O O-O 8. h3
Nd7 9. Bxd5 cxd5 10. exd6 exd6 11. Re1 Nf6 12. Bg5 Qb6 13. Bxf6 Bxf6 14. Nc3
Be6 15. Qb5 Qc6 16. a4 Rac8 17. Re2 a6 18. Qb4 Qd7 19. Nd1 Rc4 20. Qb6 Rxa4 21.
Rxa4 Qxa4 22. Qxb7 Bxd4 23. Nxd4 Qxd4 24. Nc3 a5 25. Qe7 Qb4 26. Nd1 Qd4 27.
Nc3 Qf4 28. Qb7 d4 29. Ne4 d5 30. Nc5 Rb8 31. Qe7 Qc1+ 32. Kh2 Qf4+ 33. Kg1
Qc1+ 34. Kh2 Qf4+ 35. Kg1 Bf5 36. Qf6 Qc1+ 37. Kh2 Qf4+ 38. Kg1 Qc1+ 39. Kh2
Qxb2 40. g4 Be4 41. Ne6 fxe6 42. Qxe6+ Kg7 43. Qe7+ Kg8 44. Qe6+ 1/2-1/2

[Event "Nakhchivan Open 2015"]
[Site "Nakhchivan AZE"]
[Date "2015.05.03"]
[Round "2.4"]
[White "Khurtsidze, Nino"]
[Black "Safarli, Eltaj"]
[Result "1/2-1/2"]
[WhiteElo "2457"]
[BlackElo "2641"]
[PlyCount "49"]
[EventDate "2015.05.02"]
[SourceDate "2015.02.07"]

1. Nf3 c5 2. c4 Nf6 3. Nc3 e6 4. g3 d5 5. cxd5 Nxd5 6. Bg2 Nc6 7. O-O Be7 8. d4
O-O 9. Nxd5 exd5 10. b3 Bf5 11. Bb2 Be4 12. Rc1 b6 13. dxc5 Bxc5 14. Qd2 Qe7
15. Bh3 Bxf3 16. exf3 Qd6 17. f4 a5 18. Bg2 Rad8 19. Rfd1 Qg6 20. Qe2 Rfe8 21.
Qb5 Qe6 22. Bf3 Rd6 23. Kg2 Red8 24. a3 h6 25. Rc2 1/2-1/2

[Event "Nakhchivan Open 2015"]
[Site "Nakhchivan AZE"]
[Date "2015.05.03"]
[Round "2.5"]
[White "Pourramezanali, Amirreza"]
[Black "Baklan, Vladimir"]
[Result "1/2-1/2"]
[WhiteElo "2432"]
[BlackElo "2645"]
[PlyCount "58"]
[EventDate "2015.05.02"]
[SourceDate "2015.02.07"]

1. e4 c5 2. c3 Nf6 3. e5 Nd5 4. d4 cxd4 5. Nf3 d6 6. cxd4 Nc6 7. Bc4 dxe5 8.
dxe5 Ndb4 9. Qe2 Bf5 10. O-O Bd3 11. Bxd3 Qxd3 12. Nc3 Qxe2 13. Nxe2 e6 14. Be3
Be7 15. Rfd1 Rd8 16. Ned4 Nxd4 17. Bxd4 a6 18. a3 Nd5 19. Rac1 O-O 20. g3 Rd7
21. Rd2 h6 22. Rdc2 Ra8 23. h3 Rdd8 24. Kf1 b5 25. Ke2 Rab8 26. Rc6 a5 27. Ra6
a4 28. Rcc6 Kf8 29. Bc5 b4 1/2-1/2

[Event "Nakhchivan Open 2015"]
[Site "Nakhchivan AZE"]
[Date "2015.05.03"]
[Round "2.6"]
[White "Gasimov, Parviz"]
[Black "Pantsulaia, Levan"]
[Result "0-1"]
[WhiteElo "2497"]
[BlackElo "2615"]
[PlyCount "80"]
[EventDate "2015.05.02"]
[SourceDate "2015.02.07"]

1. e4 c5 2. Nf3 e6 3. c3 Nf6 4. e5 Nd5 5. d4 cxd4 6. Qxd4 Nc6 7. Qe4 f5 8. Qe2
Qc7 9. g3 b6 10. Bg2 Ncb4 11. Qd1 Ba6 12. Bf1 Bxf1 13. Kxf1 Nc6 14. Qe2 Bc5 15.
Kg2 O-O 16. Re1 Qb7 17. Nbd2 g5 18. Kg1 g4 19. Nh4 a5 20. a4 Rf7 21. Nb3 Bf8
22. c4 Nde7 23. Bf4 Ng6 24. Nxg6 hxg6 25. Rad1 Rh7 26. Nd4 Bc5 27. Nb5 Rf8 28.
Bg5 Rh5 29. Bf6 Rf7 30. Qf1 Nxe5 31. Rxe5 Rxf6 32. Qg2 Qxg2+ 33. Kxg2 Rf7 34.
Re2 Rfh7 35. Rh1 g5 36. Rd2 Kf8 37. Nd6 Ke7 38. Nb5 f4 39. gxf4 gxf4 40. f3
gxf3+ 0-1

[Event "Nakhchivan Open 2015"]
[Site "Nakhchivan AZE"]
[Date "2015.05.03"]
[Round "2.7"]
[White "Romanov, Evgeny"]
[Black "Javanbakht, Nima"]
[Result "1-0"]
[WhiteElo "2613"]
[BlackElo "2397"]
[PlyCount "113"]
[EventDate "2015.05.02"]
[SourceDate "2015.02.07"]

1. d4 d5 2. c4 e6 3. Nf3 Nf6 4. g3 dxc4 5. Bg2 Bb4+ 6. Nbd2 c3 7. bxc3 Bxc3 8.
Rb1 Nc6 9. Qc2 Bxd2+ 10. Bxd2 O-O 11. e3 a5 12. O-O Nd5 13. e4 Ndb4 14. Qc3 f5
15. exf5 Rxf5 16. a3 Nd5 17. Qd3 b6 18. Rfe1 Qf6 19. g4 Rf4 20. Re4 Rxe4 21.
Qxe4 Bd7 22. Ng5 g6 23. Nf3 Rf8 24. Rc1 Nf4 25. Rxc6 Nxg2 26. Kxg2 Qxf3+ 27.
Qxf3 Rxf3 28. Rxc7 Rf7 29. Bh6 e5 30. f3 exd4 31. Rb7 Re7 32. Rxb6 d3 33. Kg3
Kf7 34. Rb3 Be6 35. Rxd3 Rb7 36. Rd8 Rb3 37. Kh4 Rxa3 38. Rh8 Rd3 39. Rxh7+ Ke8
40. Rh8+ Kd7 41. f4 a4 42. Ra8 a3 43. Bg7 a2 44. Kg5 Ke7 45. Kxg6 Bxg4 46. f5
Rh3 47. f6+ Ke6 48. Ra6+ Kd7 49. Rxa2 Bh5+ 50. Kf5 Rf3+ 51. Kg5 Rh3 52. Ra8 Be8
53. Ra7+ Kd8 54. Bf8 Bf7 55. Rxf7 Ke8 56. Ra7 Kxf8 57. Kg6 1-0

[Event "Nakhchivan Open 2015"]
[Site "Nakhchivan AZE"]
[Date "2015.05.03"]
[Round "2.8"]
[White "Tabatabaei, M.amin"]
[Black "Paichadze, Luka"]
[Result "1-0"]
[WhiteElo "2448"]
[BlackElo "2556"]
[PlyCount "81"]
[EventDate "2015.05.02"]
[SourceDate "2015.02.07"]

1. e4 c6 2. Nc3 d5 3. d4 a6 4. e5 e6 5. f4 c5 6. Nf3 Nh6 7. Ne2 Nc6 8. c3 Nf5
9. g4 Nh4 10. Nxh4 Qxh4+ 11. Ng3 cxd4 12. cxd4 Bb4+ 13. Kf2 f6 14. Kg2 O-O 15.
Be2 Ba5 16. Be3 Bb6 17. Qd2 Bd7 18. Rhf1 Ba5 19. Qd3 fxe5 20. fxe5 Rxf1 21.
Rxf1 Be8 22. Qb3 Qe7 23. Bd3 Nb4 24. Bb1 Rc8 25. a3 Nc6 26. h4 Qxh4 27. Rh1
Qxg4 28. Bxh7+ Kf8 29. Rf1+ Bf7 30. Rf4 Qxf4 31. Bxf4 b5 32. Qd3 Bb6 33. Ne2
Ne7 34. Bg5 g6 35. Nf4 Nf5 36. Bxg6 Bxg6 37. Nxg6+ Kf7 38. Nh4 Rg8 39. Nxf5
Rxg5+ 40. Ng3 Ke8 41. Kf3 1-0

[Event "Nakhchivan Open 2015"]
[Site "Nakhchivan AZE"]
[Date "2015.05.03"]
[Round "2.9"]
[White "Guliev, Logman"]
[Black "Idani, Pouya"]
[Result "1/2-1/2"]
[WhiteElo "2389"]
[BlackElo "2496"]
[PlyCount "160"]
[EventDate "2015.05.02"]
[SourceDate "2015.02.07"]

1. e4 c5 2. Nf3 d6 3. d4 cxd4 4. Nxd4 Nf6 5. Nc3 a6 6. Be2 e5 7. Nb3 Be7 8. Bg5
Be6 9. Bxf6 Bxf6 10. Qd3 Be7 11. Rd1 Nd7 12. Nd5 Bxd5 13. Qxd5 Qc7 14. c3 O-O
15. O-O b5 16. Nd2 Rfd8 17. Rfe1 Bg5 18. Nf1 Nf6 19. Qd3 Qc5 20. Bf3 Rac8 21.
g3 h5 22. h4 Bh6 23. a3 g6 24. Kg2 Qc4 25. Ne3 Bxe3 26. Qxe3 Kg7 27. Rd2 Qc5
28. Qd3 Qb6 29. Qe3 Qxe3 30. Rxe3 Kf8 31. Bd1 Ke7 32. Bb3 Rc5 33. Re1 a5 34. f3
Nd7 35. f4 a4 36. Ba2 Nb6 37. Rf2 Nc4 38. f5 Rg8 39. fxg6 fxg6 40. Ref1 Rg7 41.
Kh3 d5 42. exd5 Rxd5 43. Rf8 Rd2 44. Bxc4 bxc4 45. Ra8 Ke6 46. Rxa4 Rb7 47.
Ra6+ Kd5 48. Ra5+ Ke6 49. Ra6+ Kd5 50. Ra5+ Ke4 51. Re1+ Kd3 52. Raxe5 Rbxb2
53. R1e3+ Kc2 54. g4 hxg4+ 55. Kxg4 Rd3 56. Kg5 Rb6 57. Re6 Rxe6 58. Rxe6 Rg3+
59. Kf4 Rg1 60. a4 Kxc3 61. a5 Kd4 62. a6 c3 63. a7 Ra1 64. Re7 c2 65. Rc7 Kd3
66. Kg5 Rxa7 67. Rxc2 Kxc2 68. Kxg6 Ra6+ 69. Kg7 Ra5 70. Kg6 Ra6+ 71. Kg7 Kd3
72. h5 Ke4 73. h6 Ra7+ 74. Kg6 Ra6+ 75. Kg7 Kf5 76. h7 Ra7+ 77. Kh6 Ra6+ 78.
Kg7 Rg6+ 79. Kf7 Rh6 80. Kg7 Rxh7+ 1/2-1/2

[Event "Nakhchivan Open 2015"]
[Site "Nakhchivan AZE"]
[Date "2015.05.03"]
[Round "2.10"]
[White "Sanal, Vahap"]
[Black "Gadimbayli, Abdulla"]
[Result "1-0"]
[WhiteElo "2487"]
[BlackElo "2332"]
[PlyCount "65"]
[EventDate "2015.05.02"]
[SourceDate "2015.02.07"]

1. Nf3 d5 2. g3 Bg4 3. Bg2 Nf6 4. O-O c6 5. d3 Nbd7 6. Nbd2 e5 7. h3 Bh5 8. g4
Bg6 9. Nh4 Bc5 10. e3 O-O 11. Nxg6 hxg6 12. b3 Qe7 13. a3 a5 14. Bb2 Rad8 15.
Re1 Nh7 16. c4 Qd6 17. Nf3 Ba7 18. b4 f5 19. cxd5 cxd5 20. Nh4 Bb8 21. gxf5
gxf5 22. Qh5 Qe6 23. Ng6 Rf7 24. Rac1 Ndf8 25. Nxf8 Rfxf8 26. bxa5 Qd6 27. f4
exf4 28. exf4 Qxf4 29. Re7 d4 30. Qg6 Qh2+ 31. Kf1 Qf4+ 32. Ke2 Be5 33. Qe6+
1-0

[Event "Nakhchivan Open 2015"]
[Site "Nakhchivan AZE"]
[Date "2015.05.03"]
[Round "2.11"]
[White "Noroozi, Omid"]
[Black "Bajarani, Ulvi"]
[Result "0-1"]
[WhiteElo "2351"]
[BlackElo "2500"]
[PlyCount "76"]
[EventDate "2015.05.02"]
[SourceDate "2015.02.07"]

1. c4 f5 2. Nf3 d6 3. d4 g6 4. b4 Bg7 5. Bb2 Nf6 6. Nbd2 O-O 7. g3 c6 8. Bg2
Na6 9. Qb3 Kh8 10. O-O Nc7 11. a4 Be6 12. b5 Bg8 13. Qd3 Qe8 14. Rab1 Rd8 15.
Qc3 Ne6 16. Qa5 Ra8 17. bxc6 bxc6 18. Ba3 Qc8 19. Rfc1 Nd7 20. e3 Nd8 21. h4 h6
22. e4 f4 23. e5 fxg3 24. fxg3 c5 25. exd6 exd6 26. Ne4 Nc6 27. Qd2 Rxf3 28.
Bxf3 Nxd4 29. Bg2 Ne5 30. Qd1 Qf8 31. Rb2 Nxc4 32. Rf2 Qe7 33. Qd3 Ne5 34. Qa6
Rd8 35. Rb1 Nef3+ 36. Bxf3 Nxf3+ 37. Rxf3 Qxe4 38. Qd3 Bd5 0-1

[Event "Nakhchivan Open 2015"]
[Site "Nakhchivan AZE"]
[Date "2015.05.04"]
[Round "3.1"]
[White "Pantsulaia, Levan"]
[Black "Sanal, Vahap"]
[Result "1-0"]
[WhiteElo "2615"]
[BlackElo "2487"]
[PlyCount "93"]
[EventDate "2015.05.02"]
[SourceDate "2015.02.07"]

1. Nf3 Nf6 2. g3 d5 3. Bg2 c6 4. d3 Bg4 5. Nbd2 Nbd7 6. h3 Bh5 7. g4 Bg6 8. Nh4
e6 9. e3 Bd6 10. Qe2 a5 11. O-O O-O 12. f4 Qc7 13. Ndf3 Rfe8 14. Kh1 a4 15. a3
b5 16. Bd2 Rab8 17. Ng1 Qd8 18. Be1 Qc7 19. g5 Nh5 20. Bf3 Nxf4 21. exf4 Bxf4
22. Nxg6 hxg6 23. h4 Bg3 24. Qg2 Bxe1 25. Raxe1 b4 26. h5 gxh5 27. Bxh5 g6 28.
Bg4 Qd6 29. Qf2 Re7 30. Re3 bxa3 31. bxa3 Qc5 32. Ne2 Kg7 33. Kg2 Rh8 34. d4
Qd6 35. Nf4 e5 36. dxe5 Nxe5 37. Ne6+ Rxe6 38. Rxe5 Rh2+ 39. Kxh2 Qxe5+ 40. Kh3
Re7 41. Qf6+ Kg8 42. Qxe5 Rxe5 43. Bd7 c5 44. Bxa4 Rxg5 45. Be8 Re5 46. Bxf7+
Kg7 47. a4 1-0

[Event "Nakhchivan Open 2015"]
[Site "Nakhchivan AZE"]
[Date "2015.05.04"]
[Round "3.2"]
[White "Bajarani, Ulvi"]
[Black "Romanov, Evgeny"]
[Result "1-0"]
[WhiteElo "2500"]
[BlackElo "2613"]
[PlyCount "101"]
[EventDate "2015.05.02"]
[SourceDate "2015.02.07"]

1. b3 e5 2. Bb2 Nc6 3. e3 g6 4. f4 Bg7 5. Nf3 d6 6. Bb5 Nge7 7. fxe5 O-O 8. O-O
dxe5 9. Nc3 a6 10. Bd3 h6 11. e4 Qd6 12. a4 Nd4 13. Ba3 c5 14. a5 Bd7 15. Bc4
Nb5 16. Bb2 Bc6 17. d3 Kh8 18. Na4 f5 19. Nd2 Nd4 20. Kh1 Ng8 21. Bd5 Bxd5 22.
exd5 Qxd5 23. Nb6 Qc6 24. Nxa8 Rxa8 25. Nc4 Re8 26. Re1 Qd5 27. c3 Nb5 28. Nxe5
Rxe5 29. c4 Rxe1+ 30. Qxe1 Qd6 31. Bxg7+ Kxg7 32. cxb5 Nf6 33. bxa6 bxa6 34.
Qc3 Kh7 35. h3 Nd5 36. Qc4 f4 37. Qe4 h5 38. d4 Nc3 39. dxc5 Qd2 40. Qe7+ Kh6
41. Re1 Nd5 42. Qe5 Kh7 43. Qe2 Qc3 44. Qe6 f3 45. Rg1 fxg2+ 46. Rxg2 Qd3 47.
Rf2 Kh6 48. c6 Qxb3 49. c7 Qd1+ 50. Kg2 Nxc7 51. Qe3+ 1-0

[Event "Nakhchivan Open 2015"]
[Site "Nakhchivan AZE"]
[Date "2015.05.04"]
[Round "3.5"]
[White "Rasulov, Vugar"]
[Black "Onischuk, Vladimir"]
[Result "1/2-1/2"]
[WhiteElo "2508"]
[BlackElo "2629"]
[PlyCount "41"]
[EventDate "2015.05.02"]
[SourceDate "2015.02.07"]

1. e4 d6 2. d4 Nf6 3. Nc3 g6 4. g3 Bg7 5. Bg2 O-O 6. Nge2 e5 7. h3 c6 8. a4 a5
9. O-O Na6 10. Be3 exd4 11. Bxd4 Be6 12. g4 d5 13. exd5 Nxd5 14. Bxg7 Kxg7 15.
Nxd5 Bxd5 16. Bxd5 Qxd5 17. Qxd5 cxd5 18. Rfd1 Rfd8 19. Rd4 Rac8 20. c3 Rc4 21.
Rad1 1/2-1/2

[Event "Nakhchivan Open 2015"]
[Site "Nakhchivan AZE"]
[Date "2015.05.04"]
[Round "3.6"]
[White "Mamedov, Rauf"]
[Black "Khurtsidze, Nino"]
[Result "1-0"]
[WhiteElo "2658"]
[BlackElo "2457"]
[PlyCount "71"]
[EventDate "2015.05.02"]
[SourceDate "2015.02.07"]

1. e4 c5 2. Nf3 e6 3. c3 Nf6 4. e5 Nd5 5. Bc4 d6 6. d4 cxd4 7. cxd4 Nb6 8. Bb3
dxe5 9. Nxe5 Nc6 10. Nxc6 bxc6 11. O-O Be7 12. Nc3 O-O 13. Ne4 Ba6 14. Re1 Nd5
15. Qf3 Qb6 16. Rd1 Rad8 17. Qg3 Kh8 18. Qh3 Be2 19. Re1 Qa6 20. Bc2 f5 21. Ng5
Bxg5 22. Bxg5 Rde8 23. a3 h6 24. Rac1 Kg8 25. Bd2 f4 26. Be4 Rf6 27. Rc5 Rb8
28. b4 Rbf8 29. Rec1 f3 30. Rxc6 Qxa3 31. Bg5 hxg5 32. Qh7+ Kf7 33. Bxd5 exd5
34. Rc7+ Ke8 35. Qxg7 R8f7 36. Qg8+ 1-0

[Event "Nakhchivan Open 2015"]
[Site "Nakhchivan AZE"]
[Date "2015.05.04"]
[Round "3.7"]
[White "Gasanov, Eldar"]
[Black "Tiviakov, Sergei"]
[Result "1/2-1/2"]
[WhiteElo "2504"]
[BlackElo "2662"]
[PlyCount "111"]
[EventDate "2015.05.02"]
[SourceDate "2015.02.07"]

1. d4 Nf6 2. c4 e6 3. Nc3 Bb4 4. Bg5 h6 5. Bh4 b6 6. f3 c5 7. d5 exd5 8. cxd5
d6 9. e4 Nbd7 10. Nge2 O-O 11. a3 Bxc3+ 12. Nxc3 Ne5 13. Be2 Ng6 14. Bf2 Nf4
15. Bf1 Nh7 16. Qd2 Ng6 17. Be2 f5 18. exf5 Rxf5 19. O-O Nf4 20. Bc4 Bd7 21. b4
cxb4 22. axb4 Rc8 23. Ba6 Nh3+ 24. Kh1 Nxf2+ 25. Rxf2 Rc7 26. Bd3 Re5 27. f4
Re8 28. Bg6 Re7 29. Qd3 Nf8 30. Bh5 Qc8 31. Ne2 Bf5 32. Qd1 Rc2 33. Kg1 Qc4 34.
Nd4 Rxf2 35. Kxf2 Bd3 36. Nc6 Qxf4+ 37. Kg1 Re3 38. Rxa7 Qh4 39. Ra1 Be4 40.
Qd2 Rd3 41. Qe2 Nd7 42. Bf3 Nf6 43. g3 Qg5 44. Bxe4 Re3 45. Ra8+ Kf7 46. Nd8+
Ke7 47. Qc2 Rxe4 48. Qc7+ Nd7 49. Nc6+ Kf7 50. Qxd7+ Kg6 51. Rf8 Re1+ 52. Kg2
Qxd5+ 53. Kh3 Qh5+ 54. Kg2 Qd5+ 55. Kh3 Qh5+ 56. Kg2 1/2-1/2

[Event "Nakhchivan Open 2015"]
[Site "Nakhchivan AZE"]
[Date "2015.05.04"]
[Round "3.8"]
[White "Safarli, Eltaj"]
[Black "Pourramezanali, Amirreza"]
[Result "1-0"]
[WhiteElo "2641"]
[BlackElo "2432"]
[PlyCount "99"]
[EventDate "2015.05.02"]
[SourceDate "2015.02.07"]

1. e4 e6 2. d4 d5 3. Nd2 Nf6 4. e5 Nfd7 5. Bd3 c5 6. c3 Nc6 7. Ne2 cxd4 8. cxd4
f6 9. exf6 Nxf6 10. O-O Bd6 11. Nf3 O-O 12. Bf4 Bxf4 13. Nxf4 Ng4 14. g3 Qf6
15. h4 Qh6 16. Ng2 e5 17. dxe5 Ngxe5 18. Ng5 Kh8 19. Be2 d4 20. f4 Nf7 21. Bd3
Nxg5 22. fxg5 Rxf1+ 23. Qxf1 Qd6 24. Qf4 Qxf4 25. Nxf4 Bg4 26. Re1 Rd8 27. a3
g6 28. b4 a6 29. Kf2 Rf8 30. Bc4 Rd8 31. Bd3 Rf8 32. Bc4 Rd8 33. Be6 Bxe6 34.
Nxe6 Rd7 35. Nc5 Rf7+ 36. Kg2 h6 37. gxh6 Kh7 38. Re6 Kxh6 39. Nxb7 Rxb7 40.
Rxc6 a5 41. bxa5 Rb2+ 42. Kf3 Rb3+ 43. Kg4 Rb5 44. a6 Ra5 45. Rd6 Ra4 46. Kf4
Kh5 47. Ke4 Rxa3 48. Kxd4 Rxg3 49. Rd5+ Kxh4 50. Ra5 1-0

[Event "Nakhchivan Open 2015"]
[Site "Nakhchivan AZE"]
[Date "2015.05.04"]
[Round "3.9"]
[White "Baklan, Vladimir"]
[Black "Mousavi, Seyed Khalil"]
[Result "1/2-1/2"]
[WhiteElo "2645"]
[BlackElo "2351"]
[PlyCount "59"]
[EventDate "2015.05.02"]
[SourceDate "2015.02.07"]

1. e4 c5 2. Nf3 e6 3. Nc3 Nc6 4. d4 cxd4 5. Nxd4 Nf6 6. g3 Bb4 7. Bg2 O-O 8.
O-O d6 9. h3 a6 10. Nb3 Bxc3 11. bxc3 Qc7 12. a4 b6 13. Be3 Bb7 14. Nd2 Ne5 15.
Qb1 Ned7 16. Qb2 Rab8 17. Rfb1 Bc6 18. Qa3 a5 19. Ra2 Nc5 20. Bxc5 bxc5 21. Rd1
Rfd8 22. Raa1 h6 23. Kh2 Nd7 24. Nc4 Nb6 25. Nxa5 Bxa4 26. Nb3 Bc6 27. Qc1 e5
28. Nd2 Ra8 29. Rb1 Rab8 30. Ra1 1/2-1/2